000 01163nam0a22002891 4500
001 rc\4676833
005 20260407100609.0
021 _aRU
_b[57-41233]
035 _a(NLR Aleph) 008705584
090 _a9325939
_c9325939
100 _a20130416d1957 |||y0rusy50 ca
101 0 _arus
102 _aRU
105 _aa z |||||
200 1 _aАвиахимическая прополка посевов
_fВсесоюз. с.-х. выставка. 1957. [Упр. пропаганды и оформления]
210 _a[Москва
_cИзд-во М-ва сел. хоз-ва СССР
_d1957]
215 _a8 с.
_cил.
_d14
300 _aАвт. указан в вып. дан.
606 _aГербициды
_2psbo
606 _aСорняки
_xАвиахимический способ борьбы
_2psbo
700 1 _aПолдушкин
_bГ.Н.
_gГеннадий Николаевич
712 1 2 _aВсесоюзная сельскохозяйственная выставка
_f1954-1959
_eМосква
_3RU\NLR\AUTH\889927075
_9349816
801 0 _aRU
_bNLR
_gpsbo
801 1 _aRU
_bELAR
_2rusmarc
852 _aNLR
_j57-1/996
942 _cBOOK
980 _aNB